Plays First Serles The Silver Box Joy Strife (Record no. 497935)

MARC details
000 -LEADER
fixed length control field 00400nam a2200133Ia 4500
008 - FIXED-LENGTH DATA ELEMENTS--GENERAL INFORMATION
fixed length control field 100328s9999 xx 000 0 und d
082 ## - DEWEY DECIMAL CLASSIFICATION NUMBER
Item number 1678
100 ## - MAIN ENTRY--PERSONAL NAME
Personal name Galsworthy John
245 ## - TITLE STATEMENT
Title Plays First Serles The Silver Box Joy Strife
260 ## - PUBLICATION, DISTRIBUTION, ETC. (IMPRINT)
Name of publisher, distributor, etc Henrietta Street
630 ## - SUBJECT ADDED ENTRY--UNIFORM TITLE
Uniform title Plays First Serles The Silver Box Joy Strife
730 ## - ADDED ENTRY--UNIFORM TITLE
Uniform title Plays First Serles The Silver Box Joy Strife
942 ## - ADDED ENTRY ELEMENTS (KOHA)
Koha item type Book
Holdings
Withdrawn status Lost status Damaged status Not for loan Home library Current library Date acquired Total Checkouts Barcode Date last seen Price effective from Koha item type
        Rantagiri (Dist.) Nagar Vachanalaya Rantagiri (Dist.) Nagar Vachanalaya 03/28/2010   RNV-1678 03/28/2010 03/28/2010 Book